LEADER 03981nam a2200937 i 4500
001 nkc20213318341
003 CZ PrNK
005 20210906110832.0
007 ta
008 210408s2021 xr e 000 0dcze
015 |a cnb003318341 
020 |a 978-80-7297-228-9  |q (brožováno) 
035 |a (OCoLC)1267680221 
040 |a ABA001  |b cze  |d BOA001  |e rda 
041 1 |a cze  |h fre 
043 |a e-bn--- 
045 |a x8y2 
072 7 |a 27-5  |x Liturgie. Křesťanské umění a symbolika. Duchovní život  |2 Konspekt  |9 5 
080 |a 27-312.47-587.5  |2 MRF 
080 |a 726.5:27-567-312.47  |2 MRF 
080 |a 27-312.47-5  |2 MRF 
080 |a 27-567  |2 MRF 
080 |a 27-587.5-051  |2 MRF 
080 |a 27-587.5-055.2  |2 MRF 
080 |a 27-184  |2 MRF 
080 |a 27-185.33  |2 MRF 
080 |a 2-312.6-584.5  |2 MRF 
080 |a 27-18  |2 MRF 
080 |a (497.6)  |2 MRF 
080 |a (049)  |2 MRF 
080 |a (0:82-84)  |2 MRF 
100 1 |a Wiehe, Alexis,  |d 1975-  |7 jo20211109869  |4 aut 
240 1 0 |a Medjugorje.  |l Česky 
245 1 0 |a Medžugorje :  |b znamení pro dnešek /  |c Alexis Wiehe ; předmluvu napsal Daniel-Ange ; z francouzského originálu Medjugorje ... přeložila Marie Benáková 
264 1 |a V Uhřicích :  |b Doron,  |c 2021 
300 |a 202 stran ;  |c 17 cm 
336 |a text  |b txt  |2 rdacontent 
337 |a bez média  |b n  |2 rdamedia 
338 |a svazek  |b nc  |2 rdacarrier 
490 1 |a Spiritualita ;  |v svazek 5. 
504 |a Obsahuje bibliografické odkazy 
600 0 7 |a Marie,  |c Panna  |7 ola2002100464  |2 czenas 
600 0 9 |a Mary,  |c Blessed Virgin, Saint  |2 eczenas 
648 7 |a 20.-21. století  |7 ch462155  |2 czenas 
648 7 |a 1981-1990  |7 ch460586  |2 czenas 
648 4 |a 1981-1986 
650 0 7 |a mariánská zjevení  |7 ph122642  |z Bosna a Hercegovina  |y 1981-1990  |2 czenas 
650 0 7 |a mariánská poutní místa  |7 ph115226  |z Bosna a Hercegovina  |2 czenas 
650 0 7 |a mariánský kult  |7 ph122644  |z Bosna a Hercegovina  |2 czenas 
650 0 7 |a náboženské poutě  |7 ph115479  |z Bosna a Hercegovina  |y 20.-21. století  |2 czenas 
650 0 7 |a křesťanští vizionáři  |7 ph122149  |z Bosna a Hercegovina  |y 20.-21. století  |2 czenas 
650 0 7 |a křesťanské vizionářky  |7 ph122130  |z Bosna a Hercegovina  |y 20.-21. století  |2 czenas 
650 0 7 |a Bůh a člověk  |7 ph116953  |2 czenas 
650 0 7 |a pokání  |7 ph124224  |2 czenas 
650 0 7 |a vnitřní konverze (náboženství)  |7 ph127150  |y 20.-21. století  |2 czenas 
650 0 7 |a lidstvo  |7 ph122350  |x křesťanské pojetí  |y 20.-21. století  |2 czenas 
650 0 9 |a apparitions of Mary  |z Bosnia and Herzegovina  |y 1981-1990  |2 eczenas 
650 0 9 |a Marian pilgrimage places  |z Bosnia and Herzegovina  |2 eczenas 
650 0 9 |a Marian cult  |z Bosnia and Herzegovina  |2 eczenas 
650 0 9 |a religious pilgrimages  |z Bosnia and Herzegovina  |y 20th-21st centuries  |2 eczenas 
650 0 9 |a Christian visionaries  |z Bosnia and Herzegovina  |y 20th-21st centuries  |2 eczenas 
650 0 9 |a Christian women visionaries  |z Bosnia and Herzegovina  |y 20th-21st centuries  |2 eczenas 
650 0 9 |a relations between God and man  |2 eczenas 
650 0 9 |a repentance  |2 eczenas 
650 0 9 |a interior conversion  |y 20th-21st centuries  |2 eczenas 
650 0 9 |a mankind  |x Christian approach  |y 20th-21st centuries  |2 eczenas 
651 7 |a Medžugorje (Bosna a Hercegovina)  |7 ge129991  |2 czenas 
651 9 |a Medjugorje (Bosnia and Herzegovina)  |2 eczenas 
655 7 |a pojednání  |7 fd133056  |2 czenas 
655 7 |a citáty  |7 fd131832  |2 czenas 
655 9 |a essays  |2 eczenas 
655 9 |a quotations  |2 eczenas 
700 0 |a Daniel-Ange,  |d 1932-  |7 jn19981000556  |4 wfw 
700 1 |a Benáková, Marie  |7 jo20191060357  |4 trl 
830 0 |a Spiritualita (Doron)  |0 s 
910 2 |a BOA001  |b 1-1471.107 
990 |a BK 
995 |a 01 
991 |b 202108  |c NOV 
996 6 |b 2610874136  |c 1-1471.107  |l MZK  |r Sklad / do 1 hodiny  |n 0  |p p.v.  |w 001859287  |u 000010  |a 1  |e BOA001  |j MZK50  |s P 
996 7 |b 2610874137  |c 1-1471.107  |l MZK  |r Sklad / do 1 hodiny  |n 0  |p p.v.  |w 001859287  |u 000020  |a 1  |e BOA001  |j MZK50  |s A